| 000 | 00503nam a22001697a 4500 | ||
|---|---|---|---|
| 003 | NUST - PNEC | ||
| 005 | 20170116180900.0 | ||
| 008 | 150901b xxu||||| |||| 00| 0 eng d | ||
| 020 | _a070843686 | ||
| 040 | _cLIBRARY | ||
| 082 | _a620.106 GIL | ||
| 100 |
_96212 _aGiles, Ranald V. |
||
| 245 |
_aSchaum's outline series theory and problems of fluid mechanics and hydraulics : SI (metric) edition _cRanald V. Giles |
||
| 250 | _a2nd Edition | ||
| 650 |
_96214 _aFluid mechanics _xME |
||
| 942 |
_2ddc _cBK |
||
| 999 |
_c64912 _d64912 |
||